Biggest African Economies by Decade (2060-2100) - Statistics

General Stats
  • This quiz has been taken 38 times
  • The average score is 47 of 50
Answer Stats
Year Rank GDP Answer % Correct
6. 877.54B Algeria
100%
6. 1.15T Algeria
100%
8. 1.44T Algeria
100%
10. 593.6B DR Congo
100%
7. 2.22T DR Congo
100%
5. 3.45T DR Congo
100%
2. 5.64T Egypt
100%
2. 8.62T Egypt
100%
2. 11.69T Egypt
100%
2. 12.43T Egypt
100%
2. 12.46T Egypt
100%
7. 797.73B Morocco
100%
8. 1.06T Morocco
100%
10. 1.35T Morocco
100%
2060 1. 6.24T Nigeria
100%
2070 1. 9.79T Nigeria
100%
2080 1. 16.34T Nigeria
100%
2090 1. 23.48T Nigeria
100%
2100 1. 30.97T Nigeria
100%
4. 1.23T Kenya
97%
4. 1.93T Kenya
97%
4. 2.69T Kenya
97%
4. 3.35T Kenya
97%
4. 4.05T Kenya
97%
5. 1.11T South Africa
97%
5. 1.55T South Africa
97%
5. 2.03T South Africa
97%
5. 2.46T South Africa
97%
7. 2.9T South Africa
97%
3. 2.14T Ethiopia
94%
3. 3.43T Ethiopia
94%
3. 5.44T Ethiopia
94%
3. 7.21T Ethiopia
94%
3. 9.07T Ethiopia
94%
9. 690.26B Tanzania
94%
9. 1T Tanzania
94%
6. 1.66T Tanzania
94%
6. 2.28T Tanzania
94%
6. 3.08T Tanzania
94%
8. 743.03B Uganda
91%
7. 1.11T Uganda
91%
7. 1.59T Uganda
91%
8. 2.18T Uganda
91%
8. 2.79T Uganda
91%
10. 932.16B Angola
86%
9. 1.38T Angola
86%
9. 2.69T Mozambique
74%
10. 1.84T Senegal
74%
10. 2.59T Senegal
74%
9. 1.88T Somalia
54%
No matching quizzes found
Score Distribution
Percent of People with Each Score
Percentile by Number Answered
Your Score History
You have not taken this quiz